| Tag |
First Indicator |
Second Indicator |
Subfields |
| LEADER |
00000cam a2200000 a 4500 |
| 001 |
in00001069287 |
| 005 |
20150929093020.0 |
| 008 |
841116s1984 txua l s00010 eng d |
| 035 |
|
|
|a (OCoLC)11393431
|
| 035 |
|
|
|9 AFM7643AM
|
| 040 |
|
|
|a TTS
|c TTS
|d IKM
|d UtOrBLW
|
| 049 |
|
|
|a IKMd
|
| 086 |
|
|
|a M300.4 C631 1984
|2 txdocs
|
| 099 |
|
9 |
|a M300.4
|a C631
|a 1984
|
| 110 |
1 |
|
|a Texas.
|
| 245 |
1 |
0 |
|a Texas coastal legislation.
|
| 250 |
|
|
|a 6th ed.
|
| 264 |
|
1 |
|a [Austin, Tex.] :
|b Texas Coastal and Marine Council,
|c 1984.
|
| 300 |
|
|
|a xiii, 452 pages :
|b illustrations ;
|c 28 cm.
|
| 336 |
|
|
|a text
|b txt
|2 rdacontent
|
| 337 |
|
|
|a unmediated
|b n
|2 rdamedia
|
| 338 |
|
|
|a volume
|b nc
|2 rdacarrier
|
| 650 |
|
0 |
|a Coastal zone management
|x Law and legislation
|z Texas.
|
| 650 |
|
0 |
|a Shore protection
|x Law and legislation
|z Texas.
|
| 710 |
2 |
|
|a Texas Coastal and Marine Council.
|
| 999 |
|
|
|a MARS
|
| 999 |
f |
f |
|s f6d70161-2273-3a69-b2a5-9674cc91eeea
|i 41af3bee-2113-3357-bab6-13f8b3585139
|t 0
|
| 952 |
f |
f |
|p normal
|a Texas A&M University
|b Galveston Campus
|c Jack K. Williams Library
|d Galveston Stacks
|t 0
|e KFT1651.8 .A3 1984
|h Library of Congress classification
|i unmediated -- volume
|m 33620001208376
|
| 952 |
f |
f |
|p normal
|a Texas A&M University
|b College Station
|c Sterling C. Evans Library
|d Evans: Texas Documents (Annex 5th floor)
|t 0
|e M300.4 C631 1984
|h Other scheme
|i unmediated -- volume
|m A14815750780
|
| 998 |
f |
f |
|a KFT1651.8 .A3 1984
|t 0
|l Galveston Stacks
|
| 998 |
f |
f |
|a M300.4 C631 1984
|t 0
|l Evans: Texas Documents (Annex 5th floor)
|